01307nab a2200205uuc4500001000800000005001700008008004100025035001200066040001300078041000800091100003800099245007500137520057200212650002900784650002800813650003600841700004700877700004100924773013600965133887420240515091046.0130805 spa  a1338874 ccomduadb aspa10aMedina Rivilla, Antonio4auteaut10aFormación del profesorado universitario en las competencias docentes3 aLa investigación realizada sintetiza las aportaciones de varios proyectos orientados a la formación, el desarrollo profesional y al conocimiento de las competencias más valiosas a dominar por el profesorado universitario. Se construye un mapa de las competencias docentes más estimadas por expertos, una amplia muestra de docentes y tutores, a partir del cual se diseña un modelo para impulsar la formación del profesorado universitario y la consolidación de la identidad profesional, mediante la integración de métodos cuantitativos y cualitativos. aCompetencias del docente aFormación de docentes 7aProfesores universitarios2lemb10aDominguez Garrido, M. Concepcion4auteaut10aRibeiro Goncalve, Fernando4auteaut0 tRevista Historia de la Educación Latinoamericana (Tunja)gVol. 13, No. 17, Jun.-Dic. 2011., p. 119-138w969777x0122-72380376532